[Event "Campeonato Nacional da 1ª divisão"]
[Site "Torres Vedras"]
[Date "2011.07.31"]
[Round "9.4"]
[White "Garcia Rodriguez, Victor"]
[Black "Hennig, Dirk"]
[Result "0-1"]
[WhiteElo "2222"]
[BlackElo "2396"]
[PlyCount "86"]
[EventDate "2011.07.23"]

1. e4 c6 2. d4 d5 3. Nc3 g6 4. Nf3 Bg4 5. exd5 cxd5 6. h3 Bxf3 7. Qxf3 e6 8.
Bf4 Nc6 9. Bb5 Bg7 10. O-O-O Nge7 11. Be5 O-O 12. Bxg7 Kxg7 13. h4 h6 14. g4 a6
15. Bxc6 Nxc6 16. Ne2 Rc8 17. Kb1 Na5 18. b3 b5 19. Qd3 Nb7 20. Nf4 Nd6 21. f3
b4 22. h5 Qf6 23. Ne2 g5 24. Qxa6 Qxf3 25. Qxd6 Qxe2 26. Qe5+ Qxe5 27. dxe5 f6
28. Rhe1 fxe5 29. Rxe5 Rc6 30. Rde1 Rf6 31. R1e2 Kf7 32. Kb2 Rf4 33. Rg2 Kf6
34. Ree2 e5 35. Re1 e4 36. Rd1 Ke5 37. Rgd2 Rc5 38. a3 bxa3+ 39. Kxa3 e3 40.
Re2 d4 41. b4 Rc3+ 42. Ka4 Rf2 43. Rde1 Rxc2 0-1

[Event "Campeonato Nacional da 1ª divisão"]
[Site "Torres Vedras"]
[Date "2011.07.31"]
[Round "9.5"]
[White "Dias, Paulo"]
[Black "Gonzalez Perez, Arian"]
[Result "1/2-1/2"]
[WhiteElo "2434"]
[BlackElo "2490"]
[PlyCount "25"]
[EventDate "2011.07.23"]

1. d4 Nf6 2. c4 g6 3. Nc3 Bg7 4. e4 O-O 5. f4 c5 6. d5 b5 7. cxb5 a6 8. b6 Qxb6
9. Nf3 e6 10. dxe6 fxe6 11. e5 Nh5 12. g3 Bb7 13. Bg2 1/2-1/2

[Event "Campeonato Nacional da 1ª divisão"]
[Site "Torres Vedras"]
[Date "2011.07.31"]
[Round "9.5"]
[White "Ferreira, Jorge Viterbo"]
[Black "Andrade, Jose M Vieira"]
[Result "1-0"]
[WhiteElo "2327"]
[BlackElo "2249"]
[PlyCount "160"]
[EventDate "2011.07.23"]

1. e4 e5 2. Nf3 Nc6 3. Bb5 a6 4. Ba4 Nf6 5. O-O Nxe4 6. d4 b5 7. Bb3 d5 8. dxe5
Be6 9. c3 Be7 10. Qe2 O-O 11. Nbd2 Nc5 12. Nd4 Qd7 13. Bc2 Bg4 14. Qe3 f6 15.
h3 Be6 16. b4 Nxd4 17. cxd4 Na4 18. Qd3 g6 19. Rb1 Qc6 20. Bxa4 Bf5 21. Qf3
bxa4 22. Rb2 fxe5 23. dxe5 a5 24. b5 Qc5 25. Qe2 Qc3 26. Nb1 Qc4 27. Qxc4 dxc4
28. Nc3 a3 29. Rd2 Bb4 30. Nd5 Bxd2 31. Bxd2 Rad8 32. Ne7+ Kf7 33. Bg5 Bd3 34.
Rc1 h6 35. Bf6 Rb8 36. Rc3 Rxb5 37. Nc6 Re8 38. Nd4 Rb1+ 39. Kh2 c5 40. Nc6 Rc8
41. Nd8+ Ke8 42. Ne6 Rb3 43. axb3 a2 44. bxc4 a1=Q 45. Rxd3 Qa4 46. Ng7+ Kf7
47. Rf3 Qxc4 48. e6+ Kg8 49. Be5 Qe4 50. Re3 Qb7 51. Bf6 Qc6 52. Be5 Rc7 53.
Ne8 Re7 54. Nf6+ Kf8 55. Nd7+ Ke8 56. Nf6+ Kd8 57. Rd3+ Kc8 58. Rb3 Rb7 59. e7
Rxb3 60. e8=Q+ Qxe8 61. Nxe8 Kd7 62. Nf6+ Ke6 63. f4 a4 64. Ne4 Rb5 65. Nc3 Ra5
66. g4 a3 67. Na2 Rb5 68. Kg3 Rb3+ 69. Bc3 Kd5 70. f5 g5 71. f6 Rb7 72. Kf3 Kc4
73. Be5 Kd3 74. Nc1+ Kd2 75. Na2 Kd3 76. Nc1+ Kc2 77. Na2 Ra7 78. Ke4 Kb3 79.
Nc1+ Kc2 80. Na2 Rd7 1-0

[Event "Campeonato Nacional da 1ª divisão"]
[Site "Torres Vedras"]
[Date "2011.07.31"]
[Round "9.5"]
[White "Leite, Catarina"]
[Black "Viela, Andre Filipe Folha"]
[Result "1-0"]
[WhiteElo "2165"]
[BlackElo "2241"]
[PlyCount "57"]
[EventDate "2011.07.23"]

1. e4 e6 2. d3 d5 3. Nd2 Nf6 4. Ngf3 Nc6 5. c3 a5 6. a4 Bd6 7. Be2 b6 8. O-O
O-O 9. Qc2 Ba6 10. Re1 Qd7 11. d4 Bxe2 12. Rxe2 dxe4 13. Nxe4 Be7 14. Bg5 Nxe4
15. Qxe4 Rfe8 16. Rae1 h6 17. Bc1 Bf6 18. Qg4 Kh7 19. Qh5 Rad8 20. Bf4 Re7 21.
g4 Qd5 22. g5 Kg8 23. Qg4 hxg5 24. Nxg5 Qf5 25. Qxf5 exf5 26. Bxc7 Rxe2 27.
Rxe2 Bxg5 28. Bxd8 Bxd8 29. Re8+ 1-0

[Event "Campeonato Nacional da 1ª divisão"]
[Site "Torres Vedras"]
[Date "2011.07.31"]
[Round "9.5"]
[White "Oliveira, Carlos Andre Ramalho"]
[Black "Oliveira, Luis"]
[Result "0-1"]
[WhiteElo "2189"]
[BlackElo "2118"]
[PlyCount "102"]
[EventDate "2011.07.23"]

1. d4 d5 2. c4 c6 3. cxd5 cxd5 4. Nc3 Nf6 5. Nf3 Nc6 6. Bf4 Nh5 7. Be5 f6 8.
Bg3 Nxg3 9. hxg3 e6 10. e3 g6 11. Bd3 f5 12. Rc1 Bg7 13. g4 fxg4 14. Nh4 Qg5
15. Nb5 O-O 16. Nd6 Rd8 17. Nxc8 Raxc8 18. g3 Nxd4 19. O-O Nc6 20. Qb3 b6 21.
Qa4 Ne5 22. Be2 Qe7 23. Rxc8 Rxc8 24. Bxg4 Nxg4 25. Qxg4 Bxb2 26. Ng2 Be5 27.
Qe2 Rc4 28. Ne1 Qc7 29. f4 Bf6 30. Qg4 Qf7 31. Qd1 Rc3 32. Kf2 Qc7 33. Qa4 Kf7
34. Nf3 Rc4 35. Qa3 Rc3 36. Qa4 Rc4 37. Qa3 Kg7 38. Kg2 Rc2+ 39. Kh3 Rc3 40.
Qa4 Rxe3 41. Qe8 Qf7 42. Qb8 Rc3 43. Rf2 Qc7 44. Qe8 Qc8 45. Qa4 a6 46. Ne5 b5
47. Qa5 Bd8 48. Qb4 Qc5 49. Qb2 Bf6 50. Qd2 Bxe5 51. fxe5 Qe3 0-1

[Event "Campeonato Nacional da 1ª divisão"]
[Site "Torres Vedras"]
[Date "2011.07.31"]
[Round "9.6"]
[White "Ulyanovskyy, Viktor"]
[Black "Arauz Alonso, Fernando"]
[Result "1-0"]
[WhiteElo "2307"]
[BlackElo "2123"]
[PlyCount "153"]
[EventDate "2011.07.23"]

1. e4 c6 2. d4 d5 3. exd5 cxd5 4. c4 Nf6 5. Nc3 Nc6 6. Bg5 Qa5 7. Bxf6 exf6 8.
cxd5 Bb4 9. Qd2 Ne7 10. Bb5+ Qxb5 11. Nxb5 Bxd2+ 12. Kxd2 Nxd5 13. Ne2 O-O 14.
Rac1 Be6 15. a3 g6 16. Rhe1 Rfd8 17. Nc7 Rac8 18. Nxd5 Bxd5 19. Rxc8 Rxc8 20.
f3 Kf8 21. Nc3 Bb3 22. Rc1 a6 23. Ne4 Rxc1 24. Kxc1 Ke7 25. Kd2 Bd5 26. Nc5 Kd6
27. Kd3 Kc6 28. Kc3 Kd6 29. Nd3 Kc6 30. Nb4+ Kd6 31. Nd3 Kc6 32. Ne1 Kd6 33.
Nc2 Kc6 34. Ne3 Kd6 35. Kb4 b6 36. a4 h5 37. a5 b5 38. Kc3 h4 39. f4 f5 40. g3
h3 41. Nc2 Be4 42. Nb4 Bb7 43. Nd3 f6 44. Nc5 Bc8 45. Kd3 Kd5 46. b3 Kd6 47.
Ke3 Kd5 48. Nd3 g5 49. Nf2 g4 50. Nd3 Kd6 51. Nb4 Bb7 52. Kd3 Be4+ 53. Kc3 Bb7
54. Nc2 Be4 55. Ne3 Kc6 56. b4 Kd6 57. d5 Bb1 58. Kd4 Be4 59. Nxg4 Bxd5 60.
Nxf6 Bc6 61. g4 fxg4 62. Nxg4 Bd7 63. Ne3 Be6 64. Ke4 Bd7 65. Kf3 Ke6 66. Ke4
Kd6 67. Kd4 Be6 68. Nd1 Bd5 69. Nf2 Bg2 70. f5 Bf1 71. Ne4+ Ke7 72. Ke5 Bg2 73.
Nc5 Kf7 74. Nxa6 Kg7 75. Nc5 Kh6 76. Ne4 Kh5 77. a6 1-0

[Event "Campeonato Nacional da 1ª divisão"]
[Site "Torres Vedras"]
[Date "2011.07.31"]
[Round "9.6"]
[White "Mansilla, Tolosa Luis"]
[Black "Ulyanovskyy, Vladimir"]
[Result "1/2-1/2"]
[WhiteElo "2073"]
[BlackElo "2090"]
[PlyCount "76"]
[EventDate "2011.07.23"]

1. d4 Nf6 2. c4 e6 3. Nf3 b6 4. g3 Bb7 5. Bg2 Be7 6. O-O O-O 7. Nc3 d6 8. Qc2
c5 9. e4 cxd4 10. Nxd4 Qc7 11. Qe2 a6 12. Nc2 Nbd7 13. Rd1 Rac8 14. b3 b5 15.
Ne3 Nb6 16. Ba3 bxc4 17. Nxc4 Nxc4 18. bxc4 Qxc4 19. Qxc4 Rxc4 20. e5 Rxc3 21.
exf6 gxf6 22. Bxd6 Bxg2 23. Bxe7 Bf3 24. Bxf6 Rc2 25. Rd8 Rxd8 26. Bxd8 Kg7 27.
Bb6 Kf6 28. a4 Kf5 29. a5 h5 30. h4 e5 31. Kf1 Ke4 32. Ke1 f5 33. Ra4+ Kd5 34.
Be3 Re2+ 35. Kf1 Rb2 36. Ke1 Re2+ 37. Kf1 Rb2 38. Ke1 Rxf2 1/2-1/2

[Event "Campeonato Nacional da 1ª divisão"]
[Site "Torres Vedras"]
[Date "2011.07.31"]
[Round "9.7"]
[White "Lanzani, Mario"]
[Black "Castro, Francisco"]
[Result "1-0"]
[WhiteElo "2357"]
[BlackElo "2105"]
[PlyCount "91"]
[EventDate "2011.07.23"]

1. e4 e6 2. d4 d5 3. Nd2 Nf6 4. e5 Nfd7 5. Bd3 c5 6. c3 Nc6 7. Ne2 cxd4 8. cxd4
f6 9. exf6 Nxf6 10. Nf3 Bd6 11. O-O O-O 12. Bf4 Bxf4 13. Nxf4 Ne4 14. Qc1 Ng5
15. Nxg5 Qxg5 16. Ne2 Qf6 17. Qe3 Bd7 18. Rac1 Rac8 19. Bb5 Nb8 20. Bxd7 Nxd7
21. Rxc8 Rxc8 22. Rc1 Rxc1+ 23. Qxc1 Qd8 24. Nf4 Kf7 25. g3 Nf6 26. Qc5 b6 27.
Qc6 Qd7 28. Qa8 Qc7 29. h4 a5 30. Kg2 Nd7 31. Nd3 Qd6 32. Qd8 Qe7 33. Qxd7 Qxd7
34. Ne5+ Ke7 35. Nxd7 Kxd7 36. Kf3 Kd6 37. Kf4 b5 38. h5 b4 39. b3 g6 40. hxg6
hxg6 41. g4 g5+ 42. Kxg5 e5 43. Kf5 exd4 44. Kf4 Ke6 45. Kf3 Ke5 46. Ke2 1-0

[Event "Campeonato Nacional da 1ª divisão"]
[Site "Torres Vedras"]
[Date "2011.07.31"]
[Round "9.7"]
[White "Pires, Gustavo"]
[Black "Coimbra, Margarida"]
[Result "1/2-1/2"]
[WhiteElo "2050"]
[BlackElo "2113"]
[PlyCount "45"]
[EventDate "2011.07.23"]

1. e4 e5 2. Nf3 Nc6 3. Bc4 Bc5 4. c3 Nf6 5. d4 exd4 6. cxd4 Bb4+ 7. Bd2 Bxd2+
8. Nbxd2 d5 9. exd5 Nxd5 10. Qb3 Nce7 11. O-O O-O 12. Rfe1 c6 13. Ne4 Qb6 14.
Nd6 Qxb3 15. Bxb3 Rb8 16. Rac1 h6 17. Ne5 Be6 18. Ne4 Rbd8 19. Nc5 Bc8 20. a3
Bf5 21. Nf3 Nf4 22. Rcd1 Rfe8 23. Ne5 1/2-1/2

[Event "Campeonato Nacional da 1ª divisão"]
[Site "Torres Vedras"]
[Date "2011.07.31"]
[Round "9.7"]
[White "Aguiar, Henrique Rui Neves"]
[Black "Rodrigues, Cesar Andre Da Silva"]
[Result "1-0"]
[WhiteElo "1938"]
[BlackElo "1880"]
[PlyCount "89"]
[EventDate "2011.07.23"]

1. e4 e5 2. Nf3 Nc6 3. Bb5 a6 4. Ba4 Nf6 5. d3 b5 6. Bb3 Be7 7. O-O O-O 8. c3
d6 9. Re1 Na5 10. Bc2 c5 11. Nbd2 Qc7 12. Nf1 Re8 13. Ng3 Bf8 14. h3 g6 15. Nh2
Bg7 16. h4 h5 17. Bg5 Ng4 18. Qd2 f6 19. Be3 Kh7 20. Nxg4 Bxg4 21. Rac1 Rad8
22. Bd1 Bxd1 23. Qxd1 Qf7 24. b4 Nb7 25. a4 Bf8 26. axb5 axb5 27. Ra1 Ra8 28.
Qb1 Qd7 29. Qb3 Kg7 30. Qd5 Rxa1 31. Rxa1 Qc8 32. Ne2 Re7 33. f4 Qg4 34. Kf1 f5
35. Ra7 exf4 36. Bxf4 Nd8 37. Rxe7+ Bxe7 38. Bxd6 Qxh4 39. Bxe7 Qxe7 40. bxc5
fxe4 41. dxe4 Qf6+ 42. Kg1 Qh4 43. g3 Qg4 44. Kf2 h4 45. Qxd8 1-0

[Event "Campeonato Nacional da 1ª divisão"]
[Site "Torres Vedras"]
[Date "2011.07.31"]
[Round "9.8"]
[White "Silva, Fernando"]
[Black "Santos, Luis"]
[Result "1/2-1/2"]
[WhiteElo "2364"]
[BlackElo "2369"]
[PlyCount "48"]
[EventDate "2011.07.23"]

1. d4 d5 2. Nf3 Nf6 3. c4 c6 4. cxd5 cxd5 5. Nc3 Nc6 6. Bf4 e6 7. e3 Bd6 8.
Bxd6 Qxd6 9. Bd3 O-O 10. O-O b6 11. a3 Bb7 12. Rc1 Rfc8 13. b4 a5 14. b5 Ne7
15. Qb3 Rc7 16. Ne2 Rac8 17. Rxc7 Rxc7 18. Rc1 Rxc1+ 19. Nxc1 Qc7 20. Qc2 Qxc2
21. Bxc2 Nd7 22. Nd3 Nc8 23. Nde5 Nxe5 24. dxe5 h6 1/2-1/2

[Event "Campeonato Nacional da 1ª divisão"]
[Site "Torres Vedras"]
[Date "2011.07.31"]
[Round "9.8"]
[White "Garcia Romero, Benjamin Abel"]
[Black "Marques, Rui Filipe Pereira"]
[Result "*"]
[WhiteElo "2255"]
[BlackElo "2135"]
[PlyCount "41"]
[EventDate "2011.07.23"]

1. e4 e5 2. Nf3 Nc6 3. Bb5 a6 4. Ba4 d6 5. Bxc6+ bxc6 6. d4 exd4 7. Qxd4 c5 8.
Qd3 Nf6 9. O-O Be7 10. Re1 O-O 11. h3 Nd7 12. Bf4 Nb6 13. Nc3 Be6 14. b3 a5 15.
Rad1 a4 16. Qe3 c6 17. Nh2 Qd7 18. Qg3 Rfe8 19. e5 Bf5 20. Ng4 Bxg4 21. Qxg4 *

[Event "Campeonato Nacional da 1ª divisão"]
[Site "Torres Vedras"]
[Date "2011.07.31"]
[Round "9.8"]
[White "Luyks, Marinus"]
[Black "Gallardo Retortillo, Enrique"]
[Result "1/2-1/2"]
[WhiteElo "2159"]
[BlackElo "2149"]
[PlyCount "23"]
[EventDate "2011.07.23"]

1. d4 e6 2. c4 f5 3. g3 Nf6 4. Bg2 d5 5. Qc2 c6 6. Nf3 Bd6 7. O-O O-O 8. Nc3
Ne4 9. Rb1 Qe7 10. a3 Nd7 11. c5 Bc7 12. Bf4 1/2-1/2

[Event "Campeonato Nacional da 1ª divisão"]
[Site "Torres Vedras"]
[Date "2011.07.31"]
[Round "9.8"]
[White "Gomez Gomez, Francisco Javier"]
[Black "Vasconcellos, Renato Fialho"]
[Result "1-0"]
[WhiteElo "2129"]
[BlackElo "2069"]
[PlyCount "79"]
[EventDate "2011.07.23"]

1. e4 c5 2. Nf3 e6 3. c3 Nf6 4. e5 Nd5 5. d4 cxd4 6. cxd4 d6 7. Bd3 Nc6 8. O-O
Ndb4 9. Bg5 Be7 10. Bxe7 Qxe7 11. Nc3 Nxd3 12. Qxd3 dxe5 13. dxe5 O-O 14. Rfd1
Qb4 15. Ne4 h6 16. Qe3 Ne7 17. Qf4 a5 18. Rab1 Ng6 19. Qe3 b6 20. h4 Bb7 21.
Rd4 Qe7 22. h5 Nh8 23. Rd6 Rab8 24. Rbd1 Bd5 25. R1xd5 exd5 26. Nf6+ gxf6 27.
Rxf6 Rfc8 28. Nh4 Qc5 29. Qg3+ Kf8 30. Ng6+ Nxg6 31. Qxg6 Qc1+ 32. Kh2 Rb7 33.
e6 Rcc7 34. f4 Qc5 35. Qxh6+ Ke8 36. Qg5 d4 37. Rf5 Qe7 38. exf7+ Qxf7 39. Rxf7
Kxf7 40. Qd5+ 1-0